| 000 | 00611nam a22001817a 4500 | ||
|---|---|---|---|
| 005 | 20251108165000.0 | ||
| 008 | 250721s9999 xx 000 0 ara d | ||
| 082 | 1 | 4 | _a216/جسر |
| 100 | 1 |
_aالجسر، حسين _eمؤلف |
|
| 245 | 1 | 0 | _aالرسالة الحميديه في حقيقة الديانة الإسلامية و حقية الشريعة المحمديه / |
| 264 | 1 |
_aطرابلس : _bجروس بروس، _c[19-]. |
|
| 300 | _a354ص. | ||
| 650 | 1 | 7 | _aالإسلام |
| 650 | 1 | 7 | _aالفقه الإسلامي |
| 700 | 1 |
_aزيادة، خالد _eتحقيق |
|
| 942 |
_2ddc _cBK |
||
| 999 |
_c19042 _d19042 |
||